| 000 | 01279nam a22002897a 4500 | ||
|---|---|---|---|
| 003 | OSt | ||
| 005 | 20131021131106.0 | ||
| 008 | 130618s2008 sp ||||| |||| 00| 0 spa d | ||
| 020 | _a9788493511586 | ||
| 040 | _cCDMR | ||
| 100 | 1 |
_93796 _aSalmerón y Alonso, Nicolás |
|
| 245 | 1 | 3 |
_aUn caso entre mil o La prensa y la dictadura _b: datos interesantes para la historia de España en el año de gracia de 1876 _cNicolás Salmerón y Alonso ; prólogo, Fernando Martínez López; edición e introducción, Fidel Villar Ribot |
| 250 | _a2a ed. corr. | ||
| 260 |
_aMadrid _bAsociación de la Prensa de Madrid |
||
| 260 | _bAsociación de Periodistas - Asociación de la Prensa de Almería | ||
| 260 |
_bAsociación de la Prensa de Granada _c2008 |
||
| 300 |
_aLXXXII, 93 p. _bil. |
||
| 500 | _aConté reproducció facsímil: Un caso entre mil o La prensa y la dictadura / por un Periodista viejo .- Madrid, 1876 | ||
| 600 | 1 |
_93796 _aSalmerón y Alonso, Nicolás |
|
| 650 | 0 | 4 |
_93729 _aPremsa _xHistòria _zEspanya |
| 650 | 0 | 4 |
_94150 _aLlibertat d'impremta _zEspanya |
| 650 | 0 | 4 |
_93246 _aEspanya _xPolítica _y1876 |
| 650 | 0 | 4 |
_94090 _aPremsa i política _zEspanya |
| 700 | 1 |
_93802 _aMartínez López, Fernando _epr. |
|
| 700 | 1 |
_93803 _aVillar Ribot, Fidel _eed. |
|
| 942 |
_2udc _cMON |
||
| 999 |
_c6474 _d6474 |
||